| 000 | 00346nam a22001217a 4500 | ||
|---|---|---|---|
| 999 |
_c284 _d284 |
||
| 005 | 20200812110933.0 | ||
| 008 | 200812b ||||| |||| 00| 0 eng d | ||
| 020 | _a7378 | ||
| 040 | _cCML | ||
| 245 |
_aStatistical Presentation. _cMyers, J.H. |
||
| 260 |
_aNew Jersey _bLittlefield, Adams & CO. _c1962 |
||
| 942 |
_2ddc _cBK _h310.26 _mMYE |
||